00705nam a2200145Ia 450000500170000000800410001702000180005808200110007624500400008726000340012730000330016150000510019452002870024565000270053220250117103533.0250117s9999 xx 000 0 und d a9780230575660 a352TRA 0aTradition and public administration aHoundmillsbBasingstokec2010 axiii, 274 p. : ill. ; 23 cm. aIncludes bibliographical references and index. a"Contemporary administrative reforms push administrative systems to homogenize. This book documents, however, the persistence of administrative traditions in a number of countries that tend to maintain existing administrative patterns and reduce the impact of pressures for reform". aPublic administration.